Africa's Soft Power (Record no. 35987)

MARC details
000 -LEADER
fixed length control field 00573nam a2200121Ia 4500
008 - FIXED-LENGTH DATA ELEMENTS--GENERAL INFORMATION
fixed length control field 220621s9999||||xx |||||||||||||| ||und||
100 ## - MAIN ENTRY--PERSONAL NAME
Personal name Tella, Oluwaseun
245 #0 - TITLE STATEMENT
Title Africa's Soft Power
Remainder of title Philosophies, Political Values, Foreign Policies and Cultural Exports
546 ## - LANGUAGE NOTE
Language note English[eng]
650 ## - SUBJECT ADDED ENTRY--TOPICAL TERM
Topical term or geographic name entry element African Studies||cultural studies||foreign policy||international relations||political science
856 ## - ELECTRONIC LOCATION AND ACCESS
Uniform Resource Identifier <a href="https://library.oapen.org/bitstream/20.500.12657/48769/1/9781000402179.pdf||https://library.oapen.org/bitstream/20.500.12657/48769/1/9781000402179.pdf">https://library.oapen.org/bitstream/20.500.12657/48769/1/9781000402179.pdf||https://library.oapen.org/bitstream/20.500.12657/48769/1/9781000402179.pdf</a>
942 ## - ADDED ENTRY ELEMENTS (KOHA)
Koha item type E-Books
Holdings
Withdrawn status Lost status Damaged status Not for loan Home library Current library Date acquired Total Checkouts Date last seen Price effective from Koha item type
        Kerala University of Digital Sciences, Innovation and Technology Knowledge Centre Kerala University of Digital Sciences, Innovation and Technology Knowledge Centre 21/06/2022   21/06/2022 21/06/2022 E-Books